000 01816nam a22004817a 4500
001 001
003 DO-SdBNP
005 20180124143700.0
007 001
008 150916b2009 sp |||| |||| 00| 0 spa d
020 _a9788496943445 (obra completa : encuadernada)
020 _a9788496943452 (v.1)
020 _a 9788496943469 (v.2)
020 _a9788496943476 (v.3)
020 _a 9788496943483 (v.4)
020 _a9788496943490 (v.5)
020 _a9788496943506 (v.6)
040 _aBPMSU
_bspa
_cBPMSU
082 4 _a 553.7
_bA282v
245 _aEl Agua y la vida /
_ccoordinación de textos de José Luis Rodríguez
260 _aBarcelona :
_bPlaneta,
_c2009
300 _a6 v. :
_bil., retrs ;
_c38 cm.
500 _aIncluye índice.
505 _g v. 1:
_tEl planeta azul --
_gv. 2. :
_tLa cuna de la vida --
_gv. 3
_tLa vida y el mar --
_gv. 4. :
_tEl hombre y el mar --
_gv. 5. :
_tLas arterias de la tierra --
_gv. 6. :
_tEl futuro del agua.
505 _tLa vida en el océano. Planeta azul -- Viaje a las profundidaes -- Océanos infinitos -- Mares de hielo -- Las estaciones del mar -- Mar de coral -- Mareas vivas -- Litorales marinos -- Profundidades en peligro.
650 _aHIDROLOGÍA
650 _aAGUA
650 _a MEDIO AMBIENTE
650 _aOCEONOGRAFIA
700 1 2 _4Rodriguez, José Luis.
740 _aEl planeta azul.
740 _a La cuna de la vida.
740 _aLa vida y el mar.
740 _aEl hombre y el mar.
740 _aLas arterias de la tierra.
740 _a El futuro del agua.
740 _aEl agua en el planeta.
740 _aLa vida en el océano
910 _aValidado. Control de calidad MFF
942 _2ddc
_cBK
945 _aInventariado extranjero / 2017 VM
956 _aVMATEO
_210
_320171109
_6BPMSU
_80069
999 _c8254
_d8254